Geography Quiz

Random Geography or State Quiz

Port or Fort? Quiz Stats

 Plays Quiz Updated Jan 24, 2016

Also try: The 'Port' Game
Challenge
Share
Tweet
Embed
Score 0/44 Timer 04:00
2 Plays Today
Partial City Name Port or Fort? % Correct
Bragg???
87.9%
Atkinson???
82.3%
Collins???
82.1%
Lauderdale???
81.9%
Lee???
78.4%
Worth???
77.7%
Wayne???
77.5%
Dodge???
76.7%
Pierce???
73%
Angeles???
73%
Payne???
72.9%
St.Lucie???
71.7%
Huron???
70.4%
Meade???
70.2%
Myers???
70%
Scott???
69.5%
Stockton???
66.6%
Royal???
64.1%
Smith???
64.1%
Orange???
60.7%
Madison???
60.3%
Mitchell???
59.8%
Partial City Name Port or Fort? % Correct
Hueneme???
59.6%
Neches???
59.3%
Wright???
56.9%
Valley???
56.7%
Myers Beach???
56.3%
Lavaca???
56%
Chester???
55.9%
Oglethorpe???
53.7%
Isabel???
52.8%
Orchard???
52.1%
Mill???
51.6%
Thomas???
50.7%
Arthur???
50.3%
Morgan???
48.1%
Lupton???
46.6%
Townsend???
46.4%
Walton Beach???
45.8%
Allen???
44.5%
Jervis???
39.1%
Wentworth???
37.7%
Clinton???
32.7%
Jefferson???
27.4%

You're not logged in!

Compare scores with friends on all Sporcle quizzes.
Join for Free
OR
Log In

You Might Also Like...

Show Comments

Extras

Top Quizzes Today


Score Distribution

Your Account Isn't Verified!

In order to create a playlist on Sporcle, you need to verify the email address you used during registration. Go to your Sporcle Settings to finish the process.

Report this User

Report this user for behavior that violates our Community Guidelines.

Details: